00934nam a2200265 a 450000100060000000300080000600500170001400800410003102000150007203500190008704000230010604100080012908200250013710000330016224500890019524600200028425000120030426000530031630000340036950400530040365000290045694200120048599900170049795201540051457766BD-RjUL20211209080541.0161211s2002 njuab b 001 0 eng  a0130908215 a(BD-RjUL)57890 aDLCcDLCdDLCbeng aeng00a304.2221bRUC 2002 1 aRubenstein, James M.917156014aThe cultural landscape :ban introduction to human geography /cJames M. Rubenstein.30aHuman geography a7th ed. aUpper Saddle River, NJ :bPrentice Hall,cc2002. axix, 517 p. :bill. ;c29 cm. aIncludes bibliographical references and indexes. 0aHuman geography.9171186 2ddccBK c57766d57766 00102ddc40718NFICaRUCLbRUCLcReadingd2005-12-31eParagon Enterprises Dhakag90.00l0o304.2 RUC 2002r2016-12-11 00:00:00tC-1w2016-12-11yBK